[Event "Sterlitamak Rochinskiy op"]
[Site "Sterlitamak"]
[Date "2012.06.27"]
[Round "6"]
[White "Lukianova, Anastasia"]
[Black "Putenihin, Oleg"]
[Result "0-1"]
[WhiteElo "1676"]
[BlackElo "2065"]
[PlyCount "66"]
[EventDate "2012.06.22"]
[EventType "swiss"]
[EventRounds "9"]
[EventCountry "RUS"]
[SourceTitle "EXT 2013"]
[Source "ChessBase"]
[SourceDate "2012.11.22"]
[SourceVersion "1"]
[SourceVersionDate "2012.11.22"]
[SourceQuality "1"]

1. e4 c6 2. d4 d5 3. e5 Bf5 4. Ne2 e6 5. Ng3 Bg6 6. h4 h6 7. h5 Bh7 8. Bd3 Bxd3 9. Qxd3 Qb6 10. f4 Ne7 11. Ne2 Nd7 12. Nd2 c5 13. g4 Nc6 14. c3 cxd4 15. Nxd4 Nxd4 16. cxd4 0-0-0 17. Nb3 Kb8 18. Bd2 Rc8 19. a4 Be7 20. Ke2 Rc4 21. f5 f6 22. Ba5 Qa6 23. fxe6 Qxe6 24. Qf5 Qxf5 25. gxf5 fxe5 26. dxe5 Nxe5 27. Nd2 Rf4 28. Raf1 Rxa4 29. Ra1 Rxa1 30. Rxa1 Nc6 31. Nb3 Bf6 32. Rd1 Re8+ 33. Kf2 Re5 0-1

[Event "Sterlitamak Rochinskiy op"]
[Site "Sterlitamak"]
[Date "2012.06.25"]
[Round "4"]
[White "Iskhakov, Artur"]
[Black "Putenihin, Oleg"]
[Result "1-0"]
[WhiteElo "1887"]
[BlackElo "2065"]
[PlyCount "87"]
[EventDate "2012.06.22"]
[EventType "swiss"]
[EventRounds "9"]
[EventCountry "RUS"]
[SourceTitle "EXT 2013"]
[Source "ChessBase"]
[SourceDate "2012.11.22"]
[SourceVersion "1"]
[SourceVersionDate "2012.11.22"]
[SourceQuality "1"]

1. e4 e6 2. d4 d5 3. e5 c5 4. c3 Bd7 5. Nf3 Qb6 6. a3 a5 7. Be2 Nc6 8. 0-0 a4 9. c4 Nxd4 10. Nxd4 cxd4 11. cxd5 exd5 12. Nd2 Bc5 13. Bg4 Bxg4 14. Qxg4 Qg6 15. Qh3 Ne7 16. b4 Bb6 17. Nf3 Qe6 18. Qxe6 fxe6 19. Bb2 d3 20. Bd4 Bxd4 21. Nxd4 Kd7 22. Rad1 Rac8 23. Rxd3 Rc4 24. Nb5 Rhc8 25. Rh3 Rh8 26. Nd6 Rc7 27. Rf3 Nf5 28. Nb5 Rc4 29. Nc3 Ra8 30. h3 Nd4 31. Rf7+ Ke8 32. Rxg7 Kf8 33. Rxh7 Kg8 34. Rh4 Ne2+ 35. Nxe2 Rxh4 36. f4 Rc8 37. Nd4 Kf7 38. Nb5 Ke7 39. Nd6 Rc3 40. f5 Rh8 41. f6+ Kd7 42. Nxb7 Re3 43. Nc5+ Kc6 44. f7 1-0

[Event "Sterlitamak Rochinskiy op"]
[Site "Sterlitamak"]
[Date "2012.06.23"]
[Round "2"]
[White "Kononenko, Evgeny"]
[Black "Putenihin, Oleg"]
[Result "0-1"]
[WhiteElo "1914"]
[BlackElo "2065"]
[PlyCount "58"]
[EventDate "2012.06.22"]
[EventType "swiss"]
[EventRounds "9"]
[EventCountry "RUS"]
[SourceTitle "EXT 2013"]
[Source "ChessBase"]
[SourceDate "2012.11.22"]
[SourceVersion "1"]
[SourceVersionDate "2012.11.22"]
[SourceQuality "1"]

1. e4 e6 2. d4 d5 3. Nd2 Nc6 4. c3 e5 5. exd5 Qxd5 6. dxe5 Nxe5 7. Qb3 Nd3+ 8. Bxd3 Qxd3 9. Qc4 Qg6 10. Qe4+ Be7 11. Qxg6 hxg6 12. Ne2 Nh6 13. Nb3 g5 14. Nbd4 Bd7 15. f4 g4 16. Bd2 c5 17. Nc2 Bh4+ 18. Ng3 Nf5 19. Kf2 0-0-0 20. Ne3 Ba4 21. Nexf5 Rxd2+ 22. Ke3 Rxb2 23. Nd6+ Kc7 24. Nxf7 Re8+ 25. Ne4 Rxg2 26. Ne5 g5 27. Rag1 gxf4+ 28. Kxf4 Re2 29. Kf5 Rf8+ 0-1

[Event "Sterlitamak Rochinskiy op"]
[Site "Sterlitamak"]
[Date "2012.06.22"]
[Round "1"]
[White "Putenihin, Oleg"]
[Black "Tukhvatullin, Alfir"]
[Result "1-0"]
[WhiteElo "2065"]
[BlackElo "1704"]
[PlyCount "43"]
[EventDate "2012.06.22"]
[EventType "swiss"]
[EventRounds "9"]
[EventCountry "RUS"]
[SourceTitle "EXT 2013"]
[Source "ChessBase"]
[SourceDate "2012.11.22"]
[SourceVersion "1"]
[SourceVersionDate "2012.11.22"]
[SourceQuality "1"]

1. c4 d5 2. cxd5 Qxd5 3. Nc3 Qa5 4. d4 Nf6 5. Nf3 e6 6. g3 c5 7. Bg2 Bd7 8. Ne5 Bc6 9. Nxc6 Nxc6 10. dxc5 Bxc5 11. 0-0 0-0 12. a3 Rad8 13. Qa4 Qxa4 14. Nxa4 Bd4 15. e3 Bb6 16. b4 Nd5 17. Bb2 Bc7 18. Nc5 b6 19. Nd3 Nce7 20. Rac1 Rc8 21. Rfd1 f6 22. e4 1-0

[Event "Sterlitamak op"]
[Site "Sterlitamak"]
[Date "2011.07.04"]
[Round "8"]
[White "Kiselev, Artiom"]
[Black "Putenihin, Oleg"]
[Result "1-0"]
[WhiteElo "2308"]
[BlackElo "2060"]
[PlyCount "59"]
[EventDate "2011.06.27"]
[EventType "swiss"]
[EventRounds "9"]
[EventCountry "RUS"]
[SourceTitle "EXT 2012"]
[Source "ChessBase"]
[SourceDate "2011.11.24"]
[SourceVersion "1"]
[SourceVersionDate "2011.11.24"]
[SourceQuality "1"]

1. Nf3 Nf6 2. d4 e6 3. g3 d5 4. Bg2 c5 5. 0-0 Nc6 6. c4 Be7 7. cxd5 exd5 8. Nc3 0-0 9. Bg5 c4 10. Ne5 Be6 11. Nxc6 bxc6 12. b3 cxb3 13. Qxb3 c5 14. Bxf6 Bxf6 15. dxc5 d4 16. Nd5 Bxd5 17. Bxd5 Rb8 18. Qc4 Qa5 19. Rab1 Rbc8 20. Rfc1 Rc7 21. Rb7 g6 22. Rxc7 Qxc7 23. Rb1 Rc8 24. c6 Qe7 25. Rb7 Rc7 26. Qa6 Be5 27. Qxa7 Kg7 28. a4 Qd6 29. Rxc7 Qxc7 30. Qc5 1-0

[Event "Kostroma Volga Cup op"]
[Site "Kostroma"]
[Date "2010.07.??"]
[Round "4"]
[White "Gulgonov, Danzan"]
[Black "Putenihin, Oleg"]
[Result "1/2-1/2"]
[WhiteElo "1929"]
[BlackElo "2060"]
[PlyCount "89"]
[EventDate "2010.07.??"]
[EventType "swiss"]
[EventRounds "9"]
[EventCountry "RUS"]
[SourceTitle "EXT 2011"]
[Source "ChessBase"]
[SourceDate "2010.11.26"]
[SourceVersion "1"]
[SourceVersionDate "2010.11.26"]
[SourceQuality "1"]

1. e4 c6 2. d4 d5 3. e5 Bf5 4. h4 a6 5. g4 Bd7 6. Bd3 e6 7. f4 c5 8. c3 Nc6 9. Nf3 cxd4 10. cxd4 Qb6 11. Bc2 h5 12. g5 Nb4 13. Nc3 Nxc2+ 14. Qxc2 Ne7 15. Be3 Nf5 16. Bf2 Rc8 17. 0-0 Qa5 18. Rac1 Be7 19. Qd2 Bb4 20. Kg2 0-0 21. a3 Be7 22. Rc2 Rc4 23. Rfc1 Rfc8 24. Qd3 b5 25. Nd2 b4 26. axb4 Rxb4 27. Kh2 Rbb8 28. Nf1 Rc4 29. Nd2 Rcc8 30. Nf1 Qb6 31. Nd2 a5 32. Nf1 g6 33. Ne3 Nxe3 34. Qxe3 Kg7 35. Qf3 Qb3 36. f5 exf5 37. Qxd5 Be6 38. Qxa5 Bd8 39. Qa3 Qb7 40. Qa1 f4 41. Rg1 Qf3 42. Qf1 Ba5 43. Be1 Qe3 44. Bf2 Qf3 45. Be1 1/2-1/2

[Event "Samara-chB"]
[Site "Samara"]
[Date "2009.12.14"]
[Round "9"]
[White "Putenihin, Oleg"]
[Black "Kasovsky, Vyacheslav"]
[Result "1-0"]
[WhiteElo "2068"]
[BlackElo "1636"]
[PlyCount "85"]
[EventDate "2009.12.06"]
[EventType "swiss"]
[EventRounds "9"]
[EventCountry "RUS"]
[SourceTitle "EXT 2012"]
[Source "ChessBase"]
[SourceDate "2011.11.24"]
[SourceVersion "1"]
[SourceVersionDate "2011.11.24"]
[SourceQuality "1"]

1. Nf3 d5 2. d4 g6 3. c4 e6 4. Nc3 c6 5. e4 dxe4 6. Nxe4 f5 7. Nc3 Nf6 8. Bd3 Bd6 9. Bh6 Qc7 10. Qe2 Ng4 11. Bg5 h6 12. Bd2 Kf7 13. h3 Nf6 14. 0-0-0 Nbd7 15. Rde1 Nf8 16. g4 Bd7 17. Ne5+ Bxe5 18. dxe5 Ne8 19. h4 h5 20. gxf5 exf5 21. Kb1 Be6 22. Qf3 Nh7 23. Nd5 Qd7 24. Nf4 Rd8 25. Rhg1 Nf8 26. Bb4 Ng7 27. Re3 Rh6 28. Qg3 Qe8 29. Qg5 Rh7 30. Nxg6 Nxg6 31. Qf6+ Kg8 32. Rxg6 Bf7 33. Rg1 Be6 34. Reg3 Rd7 35. Bxf5 Bxf5+ 36. Qxf5 Rf7 37. Qe4 Qe6 38. Rg6 Qf5 39. Qxf5 Rxf5 40. e6 Rxf2 41. Bc3 Kf8 42. Rxg7 Rxg7 43. Rxg7 1-0

[Event "Samara-chB"]
[Site "Samara"]
[Date "2009.12.12"]
[Round "7"]
[White "Putenihin, Oleg"]
[Black "Prikhodko, Anton"]
[Result "1/2-1/2"]
[WhiteElo "2068"]
[BlackElo "2070"]
[PlyCount "109"]
[EventDate "2009.12.06"]
[EventType "swiss"]
[EventRounds "9"]
[EventCountry "RUS"]
[SourceTitle "EXT 2012"]
[Source "ChessBase"]
[SourceDate "2011.11.24"]
[SourceVersion "1"]
[SourceVersionDate "2011.11.24"]
[SourceQuality "1"]

1. c4 Nf6 2. Nf3 c5 3. Nc3 b6 4. e4 d6 5. d4 cxd4 6. Nxd4 Bb7 7. f3 e6 8. Be3 Be7 9. Qd2 0-0 10. Be2 a6 11. 0-0 Qc7 12. Rfc1 Nbd7 13. b4 Rac8 14. a4 d5 15. exd5 Bxb4 16. dxe6 Nc5 17. exf7+ Qxf7 18. Qb2 Ba5 19. Bf1 Nfd7 20. Nd5 Kh8 21. Nb3 Nxb3 22. Qxb3 Nc5 23. Qa2 Qg6 24. Qb1 Qe6 25. Bf2 Bxd5 26. cxd5 Qxd5 27. Bxc5 Rxc5 28. Bxa6 Bc3 29. Ra3 Rxf3 30. Kh1 Rf2 31. Bf1 Rb2 32. Qd3 Qxd3 33. Bxd3 Rd2 34. Rf1 g6 35. Bb5 Kg7 36. Rb3 Be5 37. Ba6 Rcc2 38. Bb7 Bd4 39. Rbb1 Ra2 40. Bc6 Rac2 41. Rbc1 Rf2 42. Rfd1 Rxc1 43. Rxc1 Rf5 44. g3 Rf2 45. Bb5 h5 46. Re1 Bc5 47. Re2 Rf1+ 48. Kg2 Rg1+ 49. Kf3 g5 50. Be8 Ra1 51. Ke4 Rd1 52. Kf5 Rd5+ 53. Re5 Rxe5+ 54. Kxe5 Kh6 55. h3 1/2-1/2

[Event "Samara-chB"]
[Site "Samara"]
[Date "2009.12.11"]
[Round "6"]
[White "Glotov, Dmitry"]
[Black "Putenihin, Oleg"]
[Result "0-1"]
[WhiteElo "1939"]
[BlackElo "2068"]
[PlyCount "72"]
[EventDate "2009.12.06"]
[EventType "swiss"]
[EventRounds "9"]
[EventCountry "RUS"]
[SourceTitle "EXT 2012"]
[Source "ChessBase"]
[SourceDate "2011.11.24"]
[SourceVersion "1"]
[SourceVersionDate "2011.11.24"]
[SourceQuality "1"]

1. e4 c6 2. d4 d5 3. exd5 cxd5 4. c4 Nf6 5. Nc3 Nc6 6. Nf3 Bg4 7. cxd5 Nxd5 8. Be2 e6 9. 0-0 Be7 10. Ne5 Bxe2 11. Nxe2 Rc8 12. Bd2 0-0 13. Rc1 Qd6 14. Nxc6 Rxc6 15. Qb3 Rb6 16. Qc2 Bf6 17. a3 Qd7 18. Rfd1 Qb5 19. Nc3 Qxb2 20. Nxd5 exd5 21. Qxb2 Rxb2 22. Bb4 Re8 23. Re1 Rxe1+ 24. Rxe1 g5 25. Rd1 Bxd4 26. Be1 Bf6 27. Rxd5 Rb1 28. Kf1 Bc3 29. Rd8+ Kg7 30. Re8 b5 31. f3 a5 32. g3 Kf6 33. Re3 Rxe1+ 34. Rxe1 Bxe1 35. Kxe1 Ke5 36. Kd2 Kd4 0-1

[Event "Kostroma Volga Cup op"]
[Site "Kostroma"]
[Date "2009.07.??"]
[Round "5"]
[White "Putenihin, Oleg"]
[Black "Kovalev, Evgeny I"]
[Result "1-0"]
[WhiteElo "2078"]
[BlackElo "1846"]
[PlyCount "124"]
[EventDate "2009.07.03"]
[EventType "swiss"]
[EventRounds "9"]
[EventCountry "RUS"]
[SourceTitle "EXT 2021"]
[Source "ChessBase"]
[SourceDate "2020.10.23"]
[SourceVersion "1"]
[SourceVersionDate "2020.10.23"]
[SourceQuality "1"]

1. d4 Nf6 2. c4 g6 3. Nc3 Bg7 4. e4 d6 5. Nge2 0-0 6. Ng3 e5 7. d5 a5 8. Be2 Na6 9. Bg5 h6 10. Be3 h5 11. Bg5 Qe8 12. Qd2 Nh7 13. Bh6 h4 14. Nf1 f5 15. exf5 gxf5 16. Bxg7 Kxg7 17. f4 e4 18. Ne3 Nf6 19. Qd4 Kh7 20. 0-0-0 Nc5 21. Nb5 Qf7 22. Kb1 Ne8 23. g3 h3 24. Bf1 Qh5 25. Re1 Qh6 26. Nd1 c6 27. Nbc3 Qf6 28. Qxf6 Nxf6 29. Nf2 Ng4 30. Nxh3 Kg6 31. Be2 Rh8 32. Bxg4 fxg4 33. Nf2 Bf5 34. Kc1 Rae8 35. Re3 Re7 36. h4 Kh5 37. Rd1 Rd8 38. dxc6 bxc6 39. Nd3 Nxd3+ 40. Rdxd3 Re6 41. Rd4 Rde8 42. c5 d5 43. Ra4 Rd8 44. Ne2 Ra8 45. Nd4 Rf6 46. Rb3 Bd7 47. Kd2 Rff8 48. Ke3 Rfb8 49. Rxb8 Rxb8 50. b3 Ra8 51. b4 Rb8 52. bxa5 Ra8 53. a6 Ra7 54. f5 Bc8 55. Nxc6 Rxa6 56. Rxa6 Bxa6 57. Nb4 Bc8 58. Kf4 e3 59. Kxe3 Bxf5 60. Nxd5 Bb1 61. c6 Bxa2 62. c7 Bxd5 1-0

[Event "Samara op"]
[Site "Samara"]
[Date "2008.12.10"]
[Round "6"]
[White "Sakletin, Vasily"]
[Black "Putenihin, Oleg"]
[Result "1/2-1/2"]
[WhiteElo "2063"]
[BlackElo "2069"]
[PlyCount "29"]
[EventDate "2008.12.05"]
[EventType "swiss"]
[EventRounds "9"]
[EventCountry "RUS"]
[SourceTitle "CBM 127 Extra"]
[Source "ChessBase"]
[SourceDate "2009.01.08"]
[SourceVersion "2"]
[SourceVersionDate "2009.01.28"]
[SourceQuality "1"]

1. d4 e6 2. c4 Nf6 3. Nc3 Bb4 4. e3 0-0 5. Nge2 d5 6. a3 Bd6 7. Ng3 c6 8. Be2 dxc4 9. Bxc4 e5 10. 0-0 Nfd7 11. Bd3 g6 12. Qc2 Re8 13. Bd2 Kg7 14. Rac1 exd4 15. exd4 1/2-1/2

[Event "Dimitrovgrad op"]
[Site "Dimitrovgrad"]
[Date "2008.08.09"]
[Round "8"]
[White "Putenihin, Oleg"]
[Black "Yakimkin, Igor"]
[Result "0-1"]
[WhiteElo "2061"]
[BlackElo "2121"]
[PlyCount "66"]
[EventDate "2008.08.05"]
[EventType "swiss"]
[EventRounds "9"]
[EventCountry "RUS"]
[SourceTitle "EXT 2022"]
[Source "ChessBase"]
[SourceDate "2021.10.06"]
[SourceVersion "1"]
[SourceVersionDate "2021.10.06"]
[SourceQuality "1"]

1. c4 e5 2. Nc3 Nf6 3. Nf3 Nc6 4. g3 Bc5 5. Bg2 d6 6. d3 a6 7. Bg5 h6 8. Bxf6 Qxf6 9. 0-0 0-0 10. Ne4 Qe7 11. Nxc5 dxc5 12. Nd2 Nd8 13. Ne4 c6 14. Qd2 f5 15. Nc3 Ne6 16. f4 exf4 17. gxf4 Bd7 18. Kh1 Rae8 19. e3 Rf6 20. Rae1 g5 21. Ne2 Qf7 22. Qc3 g4 23. a3 h5 24. b4 h4 25. Rg1 cxb4 26. axb4 Ng7 27. Nd4 Nh5 28. h3 Rg6 29. b5 Kh7 30. bxc6 bxc6 31. hxg4 Ng3+ 32. Kh2 fxg4 33. c5 Rxe3 0-1

[Event "Zhigulevskie prostory op"]
[Site "Samara"]
[Date "2008.07.31"]
[Round "7"]
[White "Ivanov, Vyacheslav I"]
[Black "Putenihin, Oleg"]
[Result "0-1"]
[WhiteElo "2114"]
[BlackElo "2061"]
[PlyCount "68"]
[EventDate "2008.07.25"]
[EventType "swiss"]
[EventRounds "9"]
[EventCountry "RUS"]
[SourceTitle "EXT 2022"]
[Source "ChessBase"]
[SourceDate "2021.10.06"]
[SourceVersion "1"]
[SourceVersionDate "2021.10.06"]
[SourceQuality "1"]

1. Nf3 Nf6 2. g3 d5 3. Bg2 c6 4. b3 Bf5 5. Bb2 e6 6. d3 Nbd7 7. 0-0 h6 8. c4 Bd6 9. cxd5 exd5 10. Nbd2 0-0 11. Re1 Bb4 12. e4 dxe4 13. Nh4 Bg4 14. f3 exf3 15. Bxf3 Bxf3 16. Nhxf3 Qb6+ 17. d4 Rfe8 18. Rf1 Bxd2 19. Nxd2 Qa5 20. Qc2 Re2 21. Rf2 Rae8 22. Raf1 Qh5 23. Qd3 R8e3 24. Qc4 Nb6 25. Qc5 Nbd5 26. Qd6 Ng4 27. Qd8+ Re8 28. Qd7 Nxf2 29. Rxf2 R8e7 30. Qc8+ Kh7 31. Nf3 Rxb2 32. g4 Rb1+ 33. Kg2 Ne3+ 34. Kg3 Qd5 0-1

[Event "Zhigulevskie prostory op"]
[Site "Samara"]
[Date "2008.07.27"]
[Round "3"]
[White "Natacheev, Peter"]
[Black "Putenihin, Oleg"]
[Result "1-0"]
[WhiteElo "2185"]
[BlackElo "2061"]
[PlyCount "116"]
[EventDate "2008.07.25"]
[EventType "swiss"]
[EventRounds "9"]
[EventCountry "RUS"]
[SourceTitle "EXT 2022"]
[Source "ChessBase"]
[SourceDate "2021.10.06"]
[SourceVersion "1"]
[SourceVersionDate "2021.10.06"]
[SourceQuality "1"]

1. e4 e6 2. d3 d5 3. Nd2 Nf6 4. g3 b6 5. Bg2 Be7 6. Ne2 Bb7 7. 0-0 Nbd7 8. h3 dxe4 9. Nxe4 Nxe4 10. dxe4 Nc5 11. Nc3 Bf6 12. Qg4 Bxc3 13. bxc3 Qf6 14. Bd2 0-0 15. Rfe1 e5 16. Rab1 Qe6 17. Qxe6 Nxe6 18. Be3 f6 19. f3 Kf7 20. Bf1 Ke7 21. Bd3 Ng5 22. Kg2 Nf7 23. c4 Bc8 24. c5 Ng5 25. h4 Ne6 26. cxb6 axb6 27. Bc4 Bb7 28. Bxb6 Ba6 29. Bxe6 Kxe6 30. Bc5 Rfd8 31. Bb4 c5 32. Ba5 Bf1+ 33. Kxf1 Rxa5 34. Rb2 Rd2 35. Re2 Rd1+ 36. Re1 Rd2 37. Re3 Rd1+ 38. Ke2 Ra1 39. Rc3 Kd6 40. Rb7 g5 41. hxg5 fxg5 42. Rxh7 g4 43. Rh6+ Ke7 44. Rb3 gxf3+ 45. Kxf3 Rf1+ 46. Kg2 Rf7 47. Rb7+ Kf8 48. Rb2 Ke7 49. Rh5 Kd6 50. Kh3 Ra4 51. Rb6+ Kc7 52. Re6 Rxa2 53. Rexe5 Rxc2 54. Rxc5+ Rxc5 55. Rxc5+ Kd6 56. Ra5 Rf1 57. Kg4 Ke6 58. Kg5 Rc1 1-0

[Event "Zhigulevskie prostory op"]
[Site "Samara"]
[Date "2008.07.26"]
[Round "2"]
[White "Putenihin, Oleg"]
[Black "Meiling, Andrei"]
[Result "1-0"]
[WhiteElo "2061"]
[BlackElo "1891"]
[PlyCount "55"]
[EventDate "2008.07.25"]
[EventType "swiss"]
[EventRounds "9"]
[EventCountry "RUS"]
[SourceTitle "EXT 2022"]
[Source "ChessBase"]
[SourceDate "2021.10.06"]
[SourceVersion "1"]
[SourceVersionDate "2021.10.06"]
[SourceQuality "1"]

1. c4 e6 2. Nc3 d5 3. d4 Nf6 4. cxd5 exd5 5. Bg5 Be7 6. Qc2 c6 7. e3 0-0 8. Bd3 Nbd7 9. Nf3 Re8 10. 0-0 h6 11. Bxf6 Nxf6 12. Ne5 Ng4 13. Rae1 c5 14. f4 Nxe3 15. Rxe3 cxd4 16. Rg3 dxc3 17. Bh7+ Kf8 18. Nxf7 Qb6+ 19. Kh1 Qxb2 20. Qg6 Bf6 21. Nd6 Be6 22. f5 Qe2 23. Rg1 Red8 24. fxe6 Qxe6 25. Nf5 Qf7 26. Qg4 g5 27. Qb4+ Be7 28. Nxe7 1-0

[Event "Kostroma Volga Cup op"]
[Site "Kostroma"]
[Date "2008.07.??"]
[Round "3"]
[White "Lubanski, Mark"]
[Black "Putenihin, Oleg"]
[Result "0-1"]
[WhiteElo "1902"]
[BlackElo "2061"]
[PlyCount "94"]
[EventDate "2008.07.??"]
[EventType "swiss"]
[EventRounds "9"]
[EventCountry "RUS"]
[SourceTitle "EXT 2009"]
[Source "ChessBase"]
[SourceDate "2008.11.26"]
[SourceVersion "1"]
[SourceVersionDate "2008.11.26"]
[SourceQuality "1"]

1. c4 Nf6 2. Nc3 e6 3. g3 d5 4. cxd5 exd5 5. d4 c6 6. Bg2 Bf5 7. Nf3 h6 8. 0-0 Bd6 9. Qb3 Qb6 10. Qxb6 axb6 11. Re1 0-0 12. h3 Re8 13. Nd2 Na6 14. Nf1 b5 15. Bd2 b4 16. Nd1 Nc7 17. Nde3 Bg6 18. Nh2 Nb5 19. Nf3 Ne4 20. Red1 Bxg3 21. fxg3 Nxd2 22. Rxd2 Rxe3 23. Kf2 Ree8 24. Ne5 Bf5 25. g4 Bh7 26. e3 Nd6 27. Re2 Ra7 28. Nd7 Rea8 29. b3 Nb5 30. Nb6 Nc3 31. Nxa8 Nxe2 32. Kxe2 Rxa8 33. Kd2 Kf8 34. Kc1 Ke7 35. Kb2 Kd6 36. Rf1 f6 37. Rd1 Re8 38. Re1 b6 39. a4 bxa3+ 40. Kxa3 c5 41. dxc5+ bxc5 42. Rd1 Be4 43. Bf1 Bf3 44. Rd3 h5 45. gxh5 Rh8 46. b4 Ra8+ 47. Kb3 c4+ 0-1

[Event "Kostroma Volga Cup op"]
[Site "Kostroma"]
[Date "2008.07.??"]
[Round "8"]
[White "Putenihin, Oleg"]
[Black "Prosvirnin, Lev"]
[Result "1/2-1/2"]
[WhiteElo "2061"]
[BlackElo "2241"]
[PlyCount "45"]
[EventDate "2008.07.??"]
[EventType "swiss"]
[EventRounds "9"]
[EventCountry "RUS"]
[SourceTitle "EXT 2009"]
[Source "ChessBase"]
[SourceDate "2008.11.26"]
[SourceVersion "1"]
[SourceVersionDate "2008.11.26"]
[SourceQuality "1"]

1. d4 Nf6 2. Nf3 e6 3. c4 b6 4. g3 Ba6 5. Qa4 Be7 6. Bg2 0-0 7. Nc3 Bb7 8. 0-0 Ne4 9. Qc2 Nxc3 10. Qxc3 d6 11. Rd1 Nd7 12. Qc2 Nf6 13. Ne1 Bxg2 14. Kxg2 d5 15. Nd3 c6 16. Bf4 Rc8 17. Ne5 dxc4 18. Qxc4 Qd5+ 19. f3 Qxc4 20. Nxc4 Nd5 21. Bd2 Rfd8 22. Rac1 f6 23. a3 1/2-1/2

[Event "Samara Region-ch FL"]
[Site "Samara"]
[Date "2007.12.18"]
[Round "4"]
[White "Putenihin, Oleg"]
[Black "Solomin, Maxim"]
[Result "1-0"]
[WhiteElo "2055"]
[BlackElo "1925"]
[PlyCount "57"]
[EventDate "2007.12.15"]
[EventType "swiss"]
[EventRounds "9"]
[EventCountry "RUS"]
[SourceTitle "EXT 2022"]
[Source "ChessBase"]
[SourceDate "2021.10.06"]
[SourceVersion "1"]
[SourceVersionDate "2021.10.06"]
[SourceQuality "1"]

1. c4 Nf6 2. Nc3 g6 3. e4 d6 4. d4 Bg7 5. Nge2 0-0 6. Ng3 e5 7. d5 a5 8. Be2 Na6 9. Bg5 c6 10. 0-0 h6 11. Be3 cxd5 12. cxd5 Nc5 13. Rc1 h5 14. f3 Kh7 15. Qd2 h4 16. Nh1 Nh5 17. g3 f5 18. exf5 gxf5 19. f4 Qe8 20. Qd1 exf4 21. Bxc5 dxc5 22. Bxh5 Qe3+ 23. Kg2 fxg3 24. hxg3 hxg3 25. Rf3 Qe5 26. Qd3 Kh6 27. Nxg3 Ra6 28. Rh1 Kg5 29. Nce4+ 1-0